[Event "XIX OPEN INT. NAVALMORAL DE LA MATA - XI"]
[Site "Navalmoral de la Mata"]
[Date "2013.12.07"]
[Round "4.5"]
[White "Epishin, Vladimir"]
[Black "Antoli Royo, Joaquin Miguel"]
[Result "1-0"]
[WhiteElo "2548"]
[BlackElo "2405"]
[PlyCount "118"]
[EventDate "2013.12.05"]
[EventRounds "7"]
[EventCountry "ESP"]

1. d4 Nf6 2. Nf3 c5 3. d5 b5 4. c4 g6 5. cxb5 a6 6. b6 d6 7. Nc3 Nbd7 8. e4 Rb8
9. Bd3 Bg7 10. O-O O-O 11. h3 Rxb6 12. Qc2 Ne8 13. Bd2 Nc7 14. Na4 Rb7 15. Bc3
Bxc3 16. Nxc3 Nb5 17. Ne2 Qb6 18. b3 f6 19. Kh2 Na3 20. Qd2 Kg7 21. Rac1 Rb8
22. Nc3 Qb4 23. Qe2 Nb5 24. Nxb5 axb5 25. Ne1 Qa5 26. f4 Ba6 27. Nf3 Nb6 28.
Qf2 b4 29. Bxa6 Qxa6 30. Rfe1 Ra8 31. Rc2 Qb7 32. Rce2 Ra7 33. h4 Qd7 34. Qg3
Rfa8 35. h5 Rxa2 36. Rxa2 Rxa2 37. hxg6 hxg6 38. Nh4 Qe8 39. e5 dxe5 40. fxe5
Nxd5 41. exf6+ Nxf6 42. Rxe7+ Qxe7 43. Nf5+ Kf7 44. Nxe7 Kxe7 45. Qe5+ Kf7 46.
Qxc5 Re2 47. Qxb4 Re6 48. Qd4 Ke7 49. b4 Nd7 50. b5 Rf6 51. Kg3 Rb6 52. Qb4+
Kf7 53. Kh4 Rf6 54. Qd4 Ke7 55. g4 Rb6 56. Qd5 Re6 57. Qd2 Rb6 58. Qb4+ Kf7 59.
Kg5 Re6 1-0

[Event "XIX OPEN INT. NAVALMORAL DE LA MATA - XI"]
[Site "Navalmoral de la Mata"]
[Date "2013.12.07"]
[Round "4.6"]
[White "Komljenovic, Davorin"]
[Black "Nikolov, Momchil"]
[Result "1/2-1/2"]
[WhiteElo "2407"]
[BlackElo "2529"]
[PlyCount "168"]
[EventDate "2013.12.05"]
[EventRounds "7"]
[EventCountry "ESP"]

1. c4 Nf6 2. Nc3 c5 3. g3 d5 4. cxd5 Nxd5 5. Bg2 Nc7 6. Nf3 Nc6 7. O-O e5 8. a3
Rb8 9. Qa4 Bd7 10. d3 Be7 11. Bd2 O-O 12. Rfb1 f6 13. b4 Nxb4 14. Qxa7 Ra8 15.
Qxb7 Bc6 16. Qxa8 Bxa8 17. axb4 cxb4 18. Na2 e4 19. Ne1 exd3 20. Nxd3 Bxg2 21.
Kxg2 Qd5+ 22. f3 b3 23. Nc3 Qb7 24. Rb2 Ne6 25. Rab1 Rb8 26. Rxb3 Qxb3 27. Rxb3
Rxb3 28. Nd5 Bd6 29. Be3 Kf7 30. h4 h5 31. N5f4 Bxf4 32. Bxf4 Ra3 33. Be3 Nc7
34. Kf2 Nd5 35. Bd2 Ra2 36. Be1 Nc7 37. Nf4 g6 38. Nd3 Nb5 39. Nb4 Ra4 40. Nd3
Rc4 41. Nb4 Nd4 42. Bd2 Nb3 43. Be1 Nc5 44. Bd2 Na4 45. Nd3 Rc2 46. Be1 Nb6 47.
Nb4 Rb2 48. Nd3 Rb1 49. Nb4 Nc4 50. Nd3 Nb2 51. Nxb2 Rxb2 52. Bc3 Rc2 53. Bd4
Ke6 54. Be3 Kd5 55. Bb6 Ra2 56. Bd8 Ra6 57. Ke3 Ke6 58. Bc7 Ra4 59. Kd3 Ra3+
60. Kd2 Kd5 61. Bf4 Kd4 62. Bh6 Ra2+ 63. Ke1 Kc3 64. Bg7 Ra6 65. g4 Kd4 66. Kf2
hxg4 67. fxg4 Ke4 68. h5 gxh5 69. gxh5 Ra5 70. h6 Rh5 71. Bf8 f5 72. Ke1 Rh1+
73. Kf2 f4 74. Kg2 Rh5 75. Kf2 Rh4 76. Kf1 Kf5 77. Kg2 Kg4 78. Bg7 Rh3 79. Kf2
Rh2+ 80. Ke1 Kg3 81. Bf8 Rh5 82. Bg7 Rh3 83. Kd1 Kg4 84. Ke1 Rh2 {(Ilegible)}
1/2-1/2

[Event "XIX OPEN INT. NAVALMORAL DE LA MATA - XI"]
[Site "Navalmoral de la Mata"]
[Date "2013.12.07"]
[Round "4.7"]
[White "Forcen Esteban, Daniel"]
[Black "Ribeiro, Jose"]
[Result "1/2-1/2"]
[WhiteElo "2511"]
[BlackElo "2093"]
[PlyCount "42"]
[EventDate "2013.12.05"]
[EventRounds "7"]
[EventCountry "ESP"]

1. e4 e6 2. Nf3 d5 3. e5 c5 4. b4 cxb4 5. a3 bxa3 6. d4 Bd7 7. c3 Nc6 8. Bd3 b5
9. O-O b4 10. cxb4 a2 11. Nc3 Nxb4 12. Bb5 Rb8 13. Bg5 Be7 14. Bxd7+ Qxd7 15.
Bd2 Bf8 16. Nxa2 Nxa2 17. Rxa2 Ne7 18. Qa1 Nc8 19. Rc1 Be7 20. Rac2 Bd8 21. Qa6
Nb6 1/2-1/2

[Event "XIX OPEN INT. NAVALMORAL DE LA MATA - XI"]
[Site "Navalmoral de la Mata"]
[Date "2013.12.07"]
[Round "4.8"]
[White "Dias, Paulo"]
[Black "Ibarra Jerez, Jose Carlos"]
[Result "1/2-1/2"]
[WhiteElo "2397"]
[BlackElo "2510"]
[PlyCount "45"]
[EventDate "2013.12.05"]
[EventRounds "7"]
[EventCountry "ESP"]

1. d4 Nf6 2. Nf3 d6 3. g3 g6 4. Bg2 Bg7 5. O-O O-O 6. c4 Bf5 7. Nc3 Ne4 8. Qb3
Nxc3 9. Qxc3 Be4 10. Be3 c5 11. Qd2 Qb6 12. Rad1 Nc6 13. d5 Nb4 14. a3 Nc2 15.
Bg5 Qxb2 16. Bxe7 Rfe8 17. Bxd6 Nxa3 18. Qxb2 Bxb2 19. Bxc5 Nxc4 20. Nd2 Nxd2
21. Rxd2 Bc3 22. Ra2 Rad8 23. Rc1 1/2-1/2

[Event "XIX OPEN INT. NAVALMORAL DE LA MATA - XI"]
[Site "Navalmoral de la Mata"]
[Date "2013.12.07"]
[Round "4.9"]
[White "Fedorchuk, Sergey A"]
[Black "Pogorelov, Ruslan"]
[Result "1-0"]
[WhiteElo "2660"]
[BlackElo "2381"]
[PlyCount "21"]
[EventDate "2013.12.05"]
[EventRounds "7"]
[EventCountry "ESP"]

1. e4 c6 2. Nf3 d5 3. Nc3 Bg4 4. h3 Bxf3 5. Qxf3 e6 6. d4 dxe4 7. Qxe4 Nf6 8.
Qd3 Be7 9. g3 O-O 10. Bg2 Na6 11. a3 {(iLEGIBLE)} 1-0

[Event "XIX OPEN INT. NAVALMORAL DE LA MATA - XI"]
[Site "Navalmoral de la Mata"]
[Date "2013.12.07"]
[Round "4.10"]
[White "Campora, Daniel H"]
[Black "Figuero Toro, Julian"]
[Result "1/2-1/2"]
[WhiteElo "2474"]
[BlackElo "2224"]
[PlyCount "64"]
[EventDate "2013.12.05"]
[EventRounds "7"]
[EventCountry "ESP"]

1. e4 d6 2. d4 Nf6 3. Nc3 g6 4. Nf3 c5 5. d5 Bg7 6. Bc4 Bg4 7. h3 Bxf3 8. Qxf3
Nbd7 9. Qd1 O-O 10. O-O Ne8 11. a4 Qa5 12. Bd2 a6 13. Re1 Rb8 14. Qc1 Nef6 15.
Ra3 Qb4 16. a5 b5 17. Bd3 c4 18. Na4 Qxa3 19. bxa3 cxd3 20. Nb6 Nxb6 21. axb6
Rfc8 22. Re3 Rxc2 23. Qd1 Ra2 24. Bc3 Nxd5 25. exd5 Bxc3 26. Qxd3 Bf6 27. Re2
Rxe2 28. Qxe2 Rxb6 29. Qe3 Rb7 30. Qc1 Kg7 31. Qc6 Rb8 32. Qc7 Rf8 {(iLEGIBLE)}
1/2-1/2

[Event "XIX OPEN INT. NAVALMORAL DE LA MATA - XI"]
[Site "Navalmoral de la Mata"]
[Date "2013.12.07"]
[Round "5.1"]
[White "Ivanov, Borislav"]
[Black "Perez Candelario, Manuel"]
[Result "1/2-1/2"]
[WhiteElo "2318"]
[BlackElo "2568"]
[PlyCount "71"]
[EventDate "2013.12.05"]
[EventRounds "7"]
[EventCountry "ESP"]

1. d4 d5 2. c4 dxc4 3. Nf3 a6 4. e3 b5 5. a4 Bb7 6. axb5 axb5 7. Rxa8 Bxa8 8.
b3 e6 9. bxc4 bxc4 10. Bxc4 Nf6 11. O-O Nbd7 12. Nbd2 Be7 13. Bb2 O-O 14. Qc2
c5 15. Bd3 h6 16. Rc1 cxd4 17. Bxd4 Nd5 18. Qb2 Bf6 19. Ne4 Bxd4 20. Nxd4 Qe7
21. Rb1 Rc8 22. Bf1 N5f6 23. f3 Bd5 24. Nd2 Qc5 25. Kf2 g6 26. Nb5 e5 27. Be2
Be6 28. Ra1 Kg7 29. Na3 Rb8 30. Qc1 Qxc1 31. Rxc1 Ra8 32. Nb5 Ra2 33. Nb1 Nd5
34. N1c3 Nxc3 35. Nxc3 Rb2 36. Nd1 1/2-1/2

[Event "XIX OPEN INT. NAVALMORAL DE LA MATA - XI"]
[Site "Navalmoral de la Mata"]
[Date "2013.12.07"]
[Round "5.2"]
[White "Guliyev, Namig"]
[Black "Epishin, Vladimir"]
[Result "1-0"]
[WhiteElo "2551"]
[BlackElo "2548"]
[PlyCount "65"]
[EventDate "2013.12.05"]
[EventRounds "7"]
[EventCountry "ESP"]

1. e4 c5 2. Nf3 e6 3. d4 cxd4 4. Nxd4 Bc5 5. Nb3 Be7 6. Nc3 d6 7. f4 Nf6 8. Qf3
e5 9. f5 a6 10. a4 Nc6 11. Be3 Nb4 12. O-O-O b5 13. axb5 axb5 14. Bxb5+ Bd7 15.
Bxd7+ Nxd7 16. g4 O-O 17. Rhg1 Qb8 18. g5 Rc8 19. g6 hxg6 20. fxg6 f6 21. Qh5
Nf8 22. Rg3 Na2+ 23. Kd2 Nxc3 24. bxc3 Qc7 25. Bf2 d5 26. Rh3 Nxg6 27. Qxg6
dxe4 28. Rg1 Qd7+ 29. Ke1 Bf8 30. Qh7+ Kf7 31. Rhg3 Qc6 32. Rxg7+ Ke6 33. Qg8+
1-0

[Event "XIX OPEN INT. NAVALMORAL DE LA MATA - XI"]
[Site "Navalmoral de la Mata"]
[Date "2013.12.07"]
[Round "5.6"]
[White "Nikolov, Momchil"]
[Black "Dias, Paulo"]
[Result "1/2-1/2"]
[WhiteElo "2529"]
[BlackElo "2397"]
[PlyCount "53"]
[EventDate "2013.12.05"]
[EventRounds "7"]
[EventCountry "ESP"]

1. d4 Nf6 2. c4 e6 3. Nc3 Bb4 4. Qc2 O-O 5. a3 Bxc3+ 6. Qxc3 b6 7. Nf3 Bb7 8.
g3 d6 9. Bg2 Nbd7 10. O-O c5 11. b4 Rc8 12. Bb2 cxb4 13. Qxb4 d5 14. Rfc1 dxc4
15. Rxc4 Rxc4 16. Qxc4 Qa8 17. Ne1 Bxg2 18. Nxg2 Rc8 19. Qd3 Qe4 20. Ne1 b5 21.
f3 Qxd3 22. Nxd3 Nb6 23. Kf2 Nc4 24. Bc1 Nb6 25. Bb2 Nc4 26. Bc1 Nb6 27. Bb2
1/2-1/2

[Event "XIX OPEN INT. NAVALMORAL DE LA MATA - XI"]
[Site "Navalmoral de la Mata"]
[Date "2013.12.07"]
[Round "5.8"]
[White "Ibarra Jerez, Jose Carlos"]
[Black "Cabezas Ayala, Ivan"]
[Result "1/2-1/2"]
[WhiteElo "2510"]
[BlackElo "2316"]
[PlyCount "64"]
[EventDate "2013.12.05"]
[EventRounds "7"]
[EventCountry "ESP"]

1. e4 e5 2. Nf3 Nc6 3. Nc3 Nf6 4. d4 exd4 5. Nxd4 Bb4 6. Nxc6 bxc6 7. Bd3 d5 8.
exd5 O-O 9. O-O cxd5 10. Bg5 c6 11. Na4 Rb8 12. c4 Be6 13. Rc1 Bd6 14. cxd5
Bxd5 15. Bc4 Be5 16. b3 h6 17. Bxf6 Bxf6 18. Bxd5 cxd5 19. Rc5 d4 20. Nb2 Rc8
21. Rxc8 Qxc8 22. Nd3 Qf5 23. Qe2 Rc8 24. Rd1 Rc3 25. h3 Kh7 26. Ne1 g6 27. Qa6
Rc7 28. Qe2 Bg7 29. Nd3 Rc3 30. Ne1 Rc7 31. Nd3 Rc3 32. Ne1 Rc7 1/2-1/2

[Event "XIX OPEN INT. NAVALMORAL DE LA MATA - XI"]
[Site "Navalmoral de la Mata"]
[Date "2013.12.07"]
[Round "5.9"]
[White "Fernandez De Bobadilla, Gabrie"]
[Black "Koziak, Vitali"]
[Result "0-1"]
[WhiteElo "2210"]
[BlackElo "2486"]
[PlyCount "74"]
[EventDate "2013.12.05"]
[EventRounds "7"]
[EventCountry "ESP"]

1. d4 Nf6 2. c4 c5 3. d5 g6 4. Nc3 Bg7 5. e4 d6 6. Nf3 O-O 7. Bd3 e6 8. h3 exd5
9. cxd5 a6 10. a4 Nbd7 11. O-O Re8 12. Bf4 c4 13. Bc2 Qc7 14. Re1 Rb8 15. a5 b5
16. axb6 Rxb6 17. Na4 Rb8 18. Nd4 Nxd5 19. exd5 Rxe1+ 20. Qxe1 Bxd4 21. Qe7 Be5
22. Bxe5 dxe5 23. Be4 Qa5 24. d6 Bb7 25. Bxb7 Rxb7 26. Ra3 Qd5 27. Nc3 Qc6 28.
Ra5 Qb6 29. Rxe5 Nxe5 30. Qe8+ Kg7 31. Qxe5+ f6 32. Qe6 Qd4 33. Qc8 Rxb2 34.
Qc7+ Kh6 35. Ne4 Qxe4 36. d7 Qe1+ 37. Kh2 Qxf2 0-1

[Event "XIX OPEN INT. NAVALMORAL DE LA MATA - XI"]
[Site "Navalmoral de la Mata"]
[Date "2013.12.07"]
[Round "5.10"]
[White "Barria Zuñiga, Daniel"]
[Black "Plazuelo Pascual, Juan"]
[Result "1-0"]
[WhiteElo "2434"]
[BlackElo "1997"]
[PlyCount "76"]
[EventDate "2013.12.05"]
[EventRounds "7"]
[EventCountry "ESP"]

1. d4 Nf6 2. c4 e6 3. Nf3 Bb4+ 4. Nbd2 d5 5. Qa4+ Nc6 6. e3 O-O 7. a3 Bxd2+ 8.
Bxd2 Ne4 9. Rd1 Bd7 10. Qc2 Be8 11. Be2 f5 12. b4 Bh5 13. b5 Ne7 14. O-O Rf6
15. Bb4 Rh6 16. Ne5 Bxe2 17. Qxe2 Ng6 18. g3 Qf6 19. f3 Nd6 20. Bxd6 cxd6 21.
Nxg6 Rxg6 22. f4 Qe7 23. Rc1 Rf6 24. Rc3 Rff8 25. Rfc1 dxc4 26. Rxc4 d5 27. Rc5
b6 28. R5c3 Rfd8 29. a4 Qb4 30. Rc7 g6 31. Qc2 Qd6 32. Qc6 Qxc6 33. R1xc6 Re8
34. Rd7 Rac8 35. Rxc8 Rxc8 36. Rxa7 Rc1+ 37. Kf2 Rc2+ 38. Ke1 Rxh2 1-0

[Event "XIX OPEN INT. NAVALMORAL DE LA MATA - XI"]
[Site "Navalmoral de la Mata"]
[Date "2013.12.08"]
[Round "6.2"]
[White "Forcen Esteban, Daniel"]
[Black "Peralta, Fernando"]
[Result "0-1"]
[WhiteElo "2511"]
[BlackElo "2600"]
[PlyCount "66"]
[EventDate "2013.12.05"]
[EventRounds "7"]
[EventCountry "ESP"]

1. e4 d6 2. d4 Nf6 3. Nc3 g6 4. f4 Bg7 5. Nf3 O-O 6. Be3 Nbd7 7. Qd2 c5 8.
O-O-O Ng4 9. Bg1 cxd4 10. Nxd4 e5 11. Nde2 exf4 12. Nxf4 Qa5 13. Kb1 Bxc3 14.
Qxc3 Qxc3 15. bxc3 Nc5 16. Bd3 Be6 17. Bd4 Rfc8 18. c4 Na4 19. Nd5 Bxd5 20.
cxd5 Nc3+ 21. Bxc3 Rxc3 22. Kb2 Rac8 23. Rd2 Ne5 24. Rf1 Kg7 25. Rf4 h5 26. h4
R8c7 27. Rf1 a6 28. a3 b5 29. Re1 R3c5 30. Kb3 a5 31. Kb2 b4 32. axb4 axb4 33.
Ra1 b3 0-1

[Event "XIX OPEN INT. NAVALMORAL DE LA MATA - XI"]
[Site "Navalmoral de la Mata"]
[Date "2013.12.08"]
[Round "6.3"]
[White "Perez Candelario, Manuel"]
[Black "Koziak, Vitali"]
[Result "0-1"]
[WhiteElo "2568"]
[BlackElo "2486"]
[PlyCount "92"]
[EventDate "2013.12.05"]
[EventRounds "7"]
[EventCountry "ESP"]

1. e4 e5 2. Nf3 Nc6 3. Bb5 Nf6 4. d3 Bc5 5. Bxc6 dxc6 6. b3 O-O 7. Bb2 Nd7 8.
Nbd2 Re8 9. O-O f6 10. c3 Nf8 11. d4 Bd6 12. Qc2 Ng6 13. Rfe1 Bg4 14. h3 Be6
15. c4 c5 16. d5 Bd7 17. Nf1 Nf4 18. Ne3 g6 19. h4 Qe7 20. g3 Nh5 21. Nh2 Rf8
22. Rad1 Rae8 23. Qe2 Ng7 24. Ng2 f5 25. f3 Nh5 26. Nf1 f4 27. g4 Bxg4 28. fxg4
f3 29. Qe3 f2+ 30. Kh2 fxe1=Q 31. Qxe1 Nf6 32. g5 Ng4+ 33. Kg1 Qf7 34. Rd2 Qf3
35. Nh2 Qh3 36. Nxg4 Qxg4 37. Rd3 Rf3 38. Rxf3 Qxf3 39. Bc1 Rf8 40. Bd2 a6 41.
Kh2 Qd3 42. Kg1 b5 43. h5 Qf3 44. hxg6 hxg6 45. Qh4 Qf1+ 46. Kh2 Rf2 0-1

[Event "XIX OPEN INT. NAVALMORAL DE LA MATA - XI"]
[Site "Navalmoral de la Mata"]
[Date "2013.12.08"]
[Round "6.4"]
[White "Fedorchuk, Sergey A"]
[Black "Antoli Royo, Joaquin Miguel"]
[Result "1-0"]
[WhiteElo "2660"]
[BlackElo "2405"]
[PlyCount "87"]
[EventDate "2013.12.05"]
[EventRounds "7"]
[EventCountry "ESP"]

1. e4 c5 2. Nf3 d6 3. d4 cxd4 4. Nxd4 Nc6 5. Nc3 e5 6. Nf3 h6 7. Bc4 Nf6 8. O-O
Be7 9. Re1 O-O 10. Nd5 Be6 11. a4 Rc8 12. b3 Bg4 13. h3 Bxf3 14. Qxf3 Nxd5 15.
exd5 Nd4 16. Qd1 a6 17. Bb2 Nxc2 18. Qxc2 b5 19. Re4 f5 20. axb5 axb5 21. Re3
bxc4 22. bxc4 Rc7 23. Ra4 Qd7 24. Rg3 Bg5 25. Rga3 Rfc8 26. Ra8 Bd8 27. Rxc8
Qxc8 28. Ra4 Qd7 29. Ra6 Be7 30. Qb3 Kh7 31. Rb6 Qc8 32. Rb8 Qa6 33. Qf3 g6 34.
Qb3 Kg7 35. Rb5 Qc8 36. f4 Bf6 37. fxe5 Bxe5 38. Bxe5+ dxe5 39. d6 Rxc4 40. Kh2
Rc1 41. Rb7+ Kf6 42. Qf7+ Kg5 43. Rc7 Rxc7 44. Qxc7 1-0

[Event "XIX OPEN INT. NAVALMORAL DE LA MATA - XI"]
[Site "Navalmoral de la Mata"]
[Date "2013.12.08"]
[Round "6.6"]
[White "Epishin, Vladimir"]
[Black "Garcia-Ortega Mendez, Jose M"]
[Result "1-0"]
[WhiteElo "2548"]
[BlackElo "2308"]
[PlyCount "24"]
[EventDate "2013.12.05"]
[EventRounds "7"]
[EventCountry "ESP"]

1. d4 Nf6 2. c4 e6 3. Nf3 d5 4. cxd5 exd5 5. Bg5 c6 6. e3 Be7 7. Qc2 O-O 8. Bd3
h6 9. Bh4 Re8 10. Nbd2 Nbd7 11. O-O Nh5 12. Bxe7 Qxe7 {(Ilegible)} 1-0

[Event "XIX OPEN INT. NAVALMORAL DE LA MATA - XI"]
[Site "Navalmoral de la Mata"]
[Date "2013.12.08"]
[Round "6.7"]
[White "Almagro Mazariegos, Sebastian"]
[Black "Nikolov, Momchil"]
[Result "0-1"]
[WhiteElo "2333"]
[BlackElo "2529"]
[PlyCount "120"]
[EventDate "2013.12.05"]
[EventRounds "7"]
[EventCountry "ESP"]

1. e4 c5 2. Nf3 e6 3. d4 cxd4 4. Nxd4 a6 5. Bd3 Qb6 6. c3 d6 7. O-O Nf6 8. Be3
Qc7 9. c4 g6 10. Nc3 Bg7 11. Rc1 O-O 12. h3 b6 13. f4 Bb7 14. b4 Nbd7 15. Nf3
Rac8 16. Qe1 Qb8 17. Qh4 b5 18. cxb5 axb5 19. Bd4 e5 20. fxe5 dxe5 21. Be3 Qd6
22. Bxb5 Qxb4 23. Bxd7 Rxc3 24. Qe1 Nxe4 25. Ng5 Qe7 26. Nxe4 Rxc1 27. Bxc1
Bxe4 28. Qxe4 Qxd7 29. Be3 f5 30. Qc4+ Qf7 31. Qxf7+ Kxf7 32. a4 Ra8 33. Ra1 e4
34. Ra2 Bc3 35. Rc2 Be5 36. Ra2 Ra6 37. a5 Bc7 38. Bd2 Ke6 39. Kf1 f4 40. Ke2
g5 41. Rc2 Bd6 42. Rc8 h5 43. Rg8 Kf5 44. Rh8 Be5 45. Rf8+ Ke6 46. Rg8 Bf6 47.
Rb8 Rc6 48. Rb4 e3 49. Be1 Rc2+ 50. Kf3 Rc1 51. Rb6+ Kf5 52. Rb5+ Be5 53. Ke2
Ke4 54. a6 Rc2+ 55. Kd1 Ra2 56. Ra5 Rxa5 57. Bxa5 Bd4 58. Bc7 Kd3 59. Ba5 g4
60. hxg4 hxg4 0-1

[Event "XIX OPEN INT. NAVALMORAL DE LA MATA - XI"]
[Site "Navalmoral de la Mata"]
[Date "2013.12.08"]
[Round "6.8"]
[White "Brito Garcia, Alfredo"]
[Black "Ibarra Jerez, Jose Carlos"]
[Result "0-1"]
[WhiteElo "2307"]
[BlackElo "2510"]
[PlyCount "92"]
[EventDate "2013.12.05"]
[EventRounds "7"]
[EventCountry "ESP"]

1. Nf3 Nf6 2. d4 g6 3. g3 Bg7 4. Bg2 O-O 5. O-O d6 6. c4 Bf5 7. Qb3 Qc8 8. Nc3
Nc6 9. d5 Nb8 10. Be3 c5 11. dxc6 bxc6 12. Rfd1 Na6 13. Nd4 Bd7 14. Qc2 Nb4 15.
Qc1 Ng4 16. Bg5 f6 17. Bd2 f5 18. Nc2 a5 19. a3 Na6 20. Ne3 Nc5 21. Qc2 a4 22.
Nxg4 fxg4 23. Be3 Bf5 24. Ne4 Nb3 25. Rab1 Ra5 26. Bd2 Nxd2 27. Qxd2 Re5 28. f3
Qa6 29. Rbc1 Qa7+ 30. Kh1 Bxe4 31. fxe4 Rh5 32. Rf1 Rxf1+ 33. Rxf1 Be5 34. Qd3
Qb6 35. c5 Qb3 36. Qxb3+ axb3 37. cxd6 exd6 38. Kg1 Bxb2 39. e5 Rxe5 40. Bxc6
Bd4+ 41. Kh1 b2 42. e4 Rc5 43. Bd5+ Kg7 44. Ba2 Rc1 45. Kg2 h5 46. a4 g5 0-1

[Event "XIX OPEN INT. NAVALMORAL DE LA MATA - XI"]
[Site "Navalmoral de la Mata"]
[Date "2013.12.08"]
[Round "6.9"]
[White "Dias, Paulo"]
[Black "Gonzalez Perez, Arian"]
[Result "1/2-1/2"]
[WhiteElo "2397"]
[BlackElo "2467"]
[PlyCount "36"]
[EventDate "2013.12.05"]
[EventRounds "7"]
[EventCountry "ESP"]

1. d4 d5 2. c4 e6 3. Nc3 Be7 4. Nf3 Nf6 5. cxd5 exd5 6. Bg5 c6 7. e3 Bf5 8. Bd3
Bxd3 9. Qxd3 Nbd7 10. O-O O-O 11. Rab1 a5 12. Bf4 Re8 13. Rfc1 Nb6 14. Nb5 Rc8
15. Na7 Ra8 16. Nb5 Rc8 17. Na7 Ra8 18. Nb5 Rc8 1/2-1/2

[Event "XIX OPEN INT. NAVALMORAL DE LA MATA - XI"]
[Site "Navalmoral de la Mata"]
[Date "2013.12.08"]
[Round "6.10"]
[White "Enchev, Ivajlo"]
[Black "Ribeiro, Jose"]
[Result "1-0"]
[WhiteElo "2447"]
[BlackElo "2093"]
[PlyCount "61"]
[EventDate "2013.12.05"]
[EventRounds "7"]
[EventCountry "ESP"]

1. d4 d5 2. c4 e6 3. Nc3 Nf6 4. cxd5 exd5 5. Bg5 Be7 6. e3 c6 7. Bd3 Nbd7 8.
Qc2 Nf8 9. Nge2 Ne6 10. Bh4 g5 11. Bg3 h5 12. O-O-O Ng7 13. f3 Be6 14. h4 g4
15. e4 gxf3 16. gxf3 dxe4 17. fxe4 Ng4 18. Qd2 Qa5 19. d5 Bc5 20. Kb1 Be3 21.
Qc2 Bd7 22. Nc1 Bh6 23. Nb3 Qb4 24. Rhe1 O-O 25. e5 Ne3 26. Qf2 Nxd5 27. Nxd5
cxd5 28. Qf6 Bd2 29. Rxd2 Qxd2 30. Rd1 Qe3 31. Bf2 1-0

[Event "XIX OPEN INT. NAVALMORAL DE LA MATA - XI"]
[Site "Navalmoral de la Mata"]
[Date "2013.12.08"]
[Round "7.1"]
[White "Peralta, Fernando"]
[Black "Guliyev, Namig"]
[Result "1/2-1/2"]
[WhiteElo "2600"]
[BlackElo "2551"]
[PlyCount "81"]
[EventDate "2013.12.05"]
[EventRounds "7"]
[EventCountry "ESP"]

1. d4 d5 2. c4 dxc4 3. e3 Nf6 4. Bxc4 e6 5. Nf3 a6 6. a4 c5 7. O-O Nc6 8. Qe2
cxd4 9. Rd1 d3 10. Bxd3 Qc7 11. b3 Be7 12. Bb2 O-O 13. Nbd2 Bd7 14. Rac1 Rfd8
15. Ng5 h6 16. Nge4 Be8 17. Nxf6+ Bxf6 18. Bxf6 gxf6 19. Ne4 f5 20. Nf6+ Kg7
21. Nxe8+ Rxe8 22. Bb5 axb5 23. axb5 Red8 24. bxc6 bxc6 25. g3 Rab8 26. Qb2+
Kg6 27. h4 Qe7 28. Qc3 Rxd1+ 29. Rxd1 c5 30. Rd3 Rd8 31. Rxd8 Qxd8 32. Qxc5
Qd1+ 33. Kh2 Qxb3 34. Qf8 Qd1 35. Qg8+ Kf6 36. Qh8+ Kg6 37. Qg8+ Kf6 38. Qh7 h5
39. Qh6+ Ke7 40. Qf4 Qf1 41. Qb4+ 1/2-1/2

[Event "XIX OPEN INT. NAVALMORAL DE LA MATA - XI"]
[Site "Navalmoral de la Mata"]
[Date "2013.12.08"]
[Round "7.2"]
[White "Koziak, Vitali"]
[Black "Fedorchuk, Sergey A"]
[Result "1-0"]
[WhiteElo "2486"]
[BlackElo "2660"]
[PlyCount "62"]
[EventDate "2013.12.05"]
[EventRounds "7"]
[EventCountry "ESP"]

1. d4 Nf6 2. c4 e6 3. Nf3 b6 4. g3 Bb7 5. Bg2 Be7 6. O-O O-O 7. d5 exd5 8. Nh4
c6 9. cxd5 Nxd5 10. Nf5 Nc7 11. e4 d5 12. Nc3 Bc5 13. Bh6 Ne8 14. Bf4 d4 15.
Na4 Ba6 16. Nxc5 Bxf1 17. Nb7 Qd7 18. Bxf1 Qxb7 19. Qxd4 c5 20. Qc3 Nc6 21. Bc4
Ne7 22. Nxg7 Nxg7 23. Bh6 Nh5 24. Be2 Qxe4 25. Bxh5 Nf5 26. Bxf8 Rxf8 27. Re1
Qc6 28. Qe5 Nd4 29. b4 Qc8 30. bxc5 bxc5 31. Re3 Qb8 {(Ilegible)} 1-0

[Event "XIX OPEN INT. NAVALMORAL DE LA MATA - XI"]
[Site "Navalmoral de la Mata"]
[Date "2013.12.08"]
[Round "7.3"]
[White "Nikolov, Momchil"]
[Black "Grigoryan, Karen H"]
[Result "0-1"]
[WhiteElo "2529"]
[BlackElo "2604"]
[PlyCount "50"]
[EventDate "2013.12.05"]
[EventRounds "7"]
[EventCountry "ESP"]

1. d4 d6 2. e4 Nf6 3. f3 d5 4. e5 Nfd7 5. c3 c5 6. Be3 cxd4 7. cxd4 Nb6 8. Nc3
Bf5 9. Bd3 Bxd3 10. Qxd3 e6 11. b3 Nc6 12. Nge2 Ba3 13. O-O O-O 14. f4 f5 15.
Bc1 Be7 16. a3 Qd7 17. Bd2 Rfc8 18. Rfc1 a6 19. Nd1 Qd8 20. Ne3 Qf8 21. a4 Nb4
22. Bxb4 Bxb4 23. Rxc8 Nxc8 24. g4 g6 25. g5 Na7 {(Ilegibe)} 0-1

[Event "XIX OPEN INT. NAVALMORAL DE LA MATA - XI"]
[Site "Navalmoral de la Mata"]
[Date "2013.12.08"]
[Round "7.4"]
[White "Ibarra Jerez, Jose Carlos"]
[Black "Epishin, Vladimir"]
[Result "1/2-1/2"]
[WhiteElo "2510"]
[BlackElo "2548"]
[PlyCount "59"]
[EventDate "2013.12.05"]
[EventRounds "7"]
[EventCountry "ESP"]

1. e4 g6 2. d4 Bg7 3. Nf3 d6 4. Bc4 Nf6 5. Qe2 O-O 6. e5 dxe5 7. dxe5 Nd5 8. h3
Nb6 9. Bb3 a5 10. a3 Nc6 11. O-O Nd4 12. Nxd4 Qxd4 13. e6 Bxe6 14. Bxe6 fxe6
15. Qxe6+ Rf7 16. Nd2 Qd7 17. Qxd7 Nxd7 18. a4 Rf5 19. Re1 Bd4 20. Nf3 Bf6 21.
Rb1 b5 22. axb5 Rxb5 23. Ra1 Nb6 24. Ra2 a4 25. Rd1 c5 26. Ng5 Bxg5 27. Bxg5 c4
28. Bxe7 Nd5 29. Ba3 c3 30. Rd3 1/2-1/2

[Event "XIX OPEN INT. NAVALMORAL DE LA MATA - XI"]
[Site "Navalmoral de la Mata"]
[Date "2013.12.08"]
[Round "7.6"]
[White "Melero Fidalgo, Juan De Dios"]
[Black "Forcen Esteban, Daniel"]
[Result "1/2-1/2"]
[WhiteElo "2250"]
[BlackElo "2511"]
[PlyCount "107"]
[EventDate "2013.12.05"]
[EventRounds "7"]
[EventCountry "ESP"]

1. d4 Nf6 2. c4 g6 3. Nc3 Bg7 4. Nf3 O-O 5. e3 d6 6. Be2 b6 7. O-O Nbd7 8. d5
Bb7 9. Nd4 Qe8 10. e4 e5 11. Ndb5 Qd8 12. Bg5 a6 13. Na3 h6 14. Bh4 Qe8 15. Re1
Nh7 16. Nc2 a5 17. Nb5 Qc8 18. Ne3 Nc5 19. Bg4 Qb8 20. f3 Bc8 21. Bxc8 Qxc8 22.
Qe2 Qd7 23. Bf2 h5 24. Qc2 f5 25. Nd1 Na6 26. Ndc3 f4 27. a3 g5 28. Qd3 g4 29.
Kf1 Kh8 30. Ke2 Ng5 31. Nb1 gxf3+ 32. gxf3 Bf6 33. Kd1 Nh3 34. Qf1 Rg8 35. Nd2
Rg7 36. Kc2 Rag8 37. Re2 Kh7 38. b4 Rg2 39. bxa5 bxa5 40. Ba7 R2g7 41. Qb1 Nc5
42. Bxc5 dxc5 43. Nb3 Ng1 44. Rf2 Bh4 45. Rf1 Qh3 46. Qd1 Qxh2+ 47. Kd3 Nh3 48.
Kc3 Bf2 49. Nxc5 Rg2 50. Nxc7 Bd4+ 51. Kb3 Rd2 52. Qb1 Bxa1 53. Ka4 Bb2 54. Nb3
{(Ilegible)} 1/2-1/2

[Event "XIX OPEN INT. NAVALMORAL DE LA MATA - XI"]
[Site "Navalmoral de la Mata"]
[Date "2013.12.08"]
[Round "7.8"]
[White "Gonzalez Perez, Arian"]
[Black "Cabezas Ayala, Ivan"]
[Result "1-0"]
[WhiteElo "2467"]
[BlackElo "2316"]
[PlyCount "52"]
[EventDate "2013.12.05"]
[EventRounds "7"]
[EventCountry "ESP"]

1. e4 e5 2. Nf3 Nc6 3. d4 exd4 4. Nxd4 Nf6 5. Nxc6 bxc6 6. e5 Qe7 7. Qe2 Nd5 8.
c4 Ba6 9. b3 g6 10. f4 Bg7 11. Qf2 Nf6 12. Be2 Ne4 13. Qe3 f5 14. Ba3 Qe6 15.
Nc3 Nxc3 16. Qxc3 d6 17. Qa5 Qc8 18. Bf3 Bb7 19. O-O-O dxe5 20. Rhe1 Kf7 21.
fxe5 Re8 22. e6+ Rxe6 23. Rxe6 Kxe6 24. Qe1+ Kf7 25. Qe7+ Kg8 26. Rd7 Qf8 1-0